LEADER 00714nab a2200169 i 4500 001 000000275699 003 CaOOAMICUS 005 20110726000000.0 008 110726n xx uu u0 0und r 013 $a25104 020 $a978-2200-92720-2 040 $aSeMil$bita 245 10$aReligion, secret et autorité :$bpratiques textuelles et cultuelles en clandestinité. - Titolo dalla copertina. 500 $aAvril-Juin 2011. 773 0 $tAnnée 2011.$dParis : Armand Colin, copyr. 2011.$w()201730 996 $6020$a978-2200-92720-2$9(OLS)http://semarc/number/267651 996 $6245$aReligion, secret et autorité :$bpratiques textuelles et cultuelles en clandestinité. - Titolo dalla copertina.$9(OLS)http://semarc/title/361549 LEADER 00899nab a2200145 i 4500 001 000000288059 003 CaOOAMICUS 005 20150925000000.0 008 150925n xx uu u0 0und r 013 $a42073 040 $aSeMil$bita 245 10$a"Religion and Science" :$bSpecial Issue ; The Image of God and Human Uniqueness : Challenges from the Biological and Information Sciences ; Human Uniqueness : Standing Alone? ; When Humans are not Unique ... - Titoli principali dalla copertina. 500 $aOCTOBER 2015. 773 0 $t[October 2015-September 2016].$dLondon : SAGE Publications, copyr. 2015-2016.$w()245178 996 $6245$a"Religion and Science" :$bSpecial Issue ; The Image of God and Human Uniqueness : Challenges from the Biological and Information Sciences ; Human Uniqueness : Standing Alone? ; When Humans are not Unique ... - Titoli principali dalla copertina.$9(OLS)http://semarc/title/368071